[Event "Kandidatklassen"]
[Site "Skorping"]
[Date "2017.04.13"]
[Round "3"]
[White "Rostgaard, Tobias Valentin"]
[Black "Laursen, Niels Norskov"]
[Result "1/2-1/2"]
[WhiteElo "2359"]
[BlackElo "2316"]
[PlyCount "116"]
[EventDate "2017.04.11"]

1. e4 c5 2. Nf3 e6 3. d3 Nc6 4. g3 Nge7 5. Bg2 g6 6. Be3 Bg7 7. Nc3 Qb6 8. Rb1
d5 9. Na4 Qb5 10. c4 dxc4 11. dxc4 Qxc4 12. Nd2 Qb5 13. Nc3 Qd3 14. Bxc5 b6 15.
Bf1 Qd7 16. Be3 O-O 17. Nb3 Rd8 18. Qxd7 Bxd7 19. Be2 h6 20. O-O e5 21. Bc4 Nd4
22. Bxd4 exd4 23. Nd5 Nc6 24. Bb5 Kf8 25. Rfd1 Rac8 26. Rbc1 Bg4 27. Re1 Ne7
28. Nxe7 Kxe7 29. Bd3 Rxc1 30. Rxc1 Rc8 31. Rxc8 Bxc8 32. Kf1 Be6 33. Nc1 Kd6
34. Ke2 a5 35. a3 Kc6 36. Kd2 Bf8 37. Bc2 Bc4 38. Bb3 b5 39. Kc2 a4 40. Ba2 d3+
41. Kd2 Bg7 42. b3 axb3 43. Bxb3 Bf8 44. Bd1 Bxa3 45. Nxd3 Bd6 46. f4 f6 47.
Kc3 Bxd3 48. Kxd3 g5 49. fxg5 hxg5 50. Ke3 Kc5 51. Kf3 Kd4 52. h4 gxh4 53. gxh4
Ba3 54. Bb3 Bc1 55. Bg8 b4 56. h5 Bh6 57. Bf7 Ke5 58. Bg8 Kd4 1/2-1/2

[Event "Kandidatklassen"]
[Site "Skorping"]
[Date "2017.04.13"]
[Round "3"]
[White "Lauridsen, Jesper Morch"]
[Black "Ramsdal, Jens Albert"]
[Result "0-1"]
[WhiteElo "2289"]
[BlackElo "2204"]
[PlyCount "68"]
[EventDate "2017.04.11"]

1. e4 c5 2. Nf3 e6 3. d4 cxd4 4. Nxd4 Nc6 5. Nc3 Qc7 6. Qd3 a6 7. Nxc6 bxc6 8.
Qg3 Qxg3 9. hxg3 d5 10. Bd3 Nf6 11. Bd2 Be7 12. O-O-O Ng4 13. Rhf1 a5 14. exd5
cxd5 15. Rde1 Ba6 16. Nb5 O-O 17. Rh1 h6 18. Re2 a4 19. f3 Nf6 20. Nd4 Bxd3 21.
cxd3 Nd7 22. Bc3 Rfc8 23. Kb1 Rab8 24. Ka1 Bf6 25. a3 Nc5 26. Ka2 Nxd3 27. Rd2
Ne5 28. Bb4 Nc4 29. Rd3 Be5 30. f4 Bd6 31. Bc3 Rb6 32. Nc2 Rb3 33. Nd4 Nxb2 34.
Nxb3 Nxd3 0-1

[Event "Kandidatklassen"]
[Site "Skorping"]
[Date "2017.04.13"]
[Round "3"]
[White "Kragh, Niels Kristian"]
[Black "Bjerre, Jonas Buhl"]
[Result "1/2-1/2"]
[WhiteElo "2124"]
[BlackElo "2342"]
[PlyCount "53"]
[EventDate "2017.04.11"]

1. e4 c5 2. Nf3 e6 3. d4 cxd4 4. Nxd4 Nc6 5. Nc3 Qc7 6. f4 a6 7. Nxc6 Qxc6 8.
Bd3 b5 9. Qe2 Bb7 10. a3 Rc8 11. O-O Bc5+ 12. Kh1 Ne7 13. Bd2 O-O 14. Rae1 f5
15. Qf3 Bd4 16. Nd1 Qc7 17. Bb4 Bc5 18. Bc3 fxe4 19. Bxe4 Bxe4 20. Qxe4 Qc6 21.
Qe5 Nf5 22. Qe2 e5 23. Qd3 Nh4 24. Qg3 Nf5 25. Qd3 Nh4 26. Qg3 Nf5 27. Qd3
1/2-1/2

[Event "Kandidatklassen"]
[Site "Skorping"]
[Date "2017.04.13"]
[Round "3"]
[White "Christensen, Janus"]
[Black "Thuesen, Mogens Henrik"]
[Result "1-0"]
[WhiteElo "2212"]
[BlackElo "2192"]
[PlyCount "59"]
[EventDate "2017.04.11"]

1. e4 c5 2. Nf3 Nc6 3. d4 cxd4 4. Nxd4 e5 5. Nb5 d6 6. c4 a6 7. N5c3 Be7 8. Be3
Nf6 9. Be2 O-O 10. O-O Be6 11. Nd2 Rc8 12. Nd5 Nd7 13. Qb3 Bg5 14. Bxg5 Qxg5
15. Nf3 Qd8 16. Rfd1 Nc5 17. Qe3 Bg4 18. b4 Bxf3 19. Bxf3 Ne6 20. Bg4 Ncd4 21.
Rac1 Kh8 22. g3 g6 23. f4 b5 24. f5 Nc7 25. Rxd4 exd4 26. Qxd4+ f6 27. fxg6 Rb8
28. Qa7 f5 29. g7+ Kxg7 30. Nxc7 1-0

[Event "Kandidatklassen"]
[Site "Skorping"]
[Date "2017.04.13"]
[Round "3"]
[White "Hoyer, Jacob K"]
[Black "Petersen, Steen Brustrup"]
[Result "1-0"]
[WhiteElo "2213"]
[BlackElo "2131"]
[PlyCount "73"]
[EventDate "2017.04.11"]

1. d4 Nf6 2. c4 e6 3. Nc3 Bb4 4. e3 c5 5. Nge2 Ne4 6. Qc2 d5 7. a3 Bxc3+ 8.
Nxc3 Nxc3 9. Qxc3 cxd4 10. Qxd4 O-O 11. cxd5 Qxd5 12. Qxd5 exd5 13. Bd2 Bg4 14.
h3 Bf5 15. Be2 Nd7 16. Bc3 Nc5 17. Rd1 Rfd8 18. g4 Bc2 19. Rc1 Ba4 20. O-O Rac8
21. Bd4 Nb3 22. Rxc8 Rxc8 23. Bc3 Nc5 24. f3 b6 25. Rc1 Ne6 26. Kf2 d4 27. exd4
Nxd4 28. Ba6 Rc7 29. Re1 Ne6 30. Kg3 Bc6 31. Be5 Rd7 32. Rc1 Nc5 33. b4 Bb7 34.
Bxb7 Nxb7 35. Rc8+ Rd8 36. Rc7 f6 37. Bxf6 1-0

[Event "Kandidatklassen"]
[Site "Skorping"]
[Date "2017.04.13"]
[Round "3"]
[White "Brondt, Nicolai Kvist"]
[Black "Kolbak, Jens"]
[Result "1-0"]
[WhiteElo "2169"]
[BlackElo "2216"]
[PlyCount "89"]
[EventDate "2017.04.11"]

1. c4 Nf6 2. Nf3 g6 3. d4 Bg7 4. Nc3 d6 5. Bg5 h6 6. Bh4 g5 7. Bg3 Nh5 8. e3
Nxg3 9. hxg3 Nd7 10. Qc2 Nf6 11. Bd3 c6 12. Rb1 a6 13. b4 Be6 14. a4 Rc8 15.
Nd2 Qc7 16. b5 cxb5 17. axb5 O-O 18. bxa6 bxa6 19. Qa2 Ra8 20. O-O Ng4 21. Nd5
Qa7 22. Qa5 Bxd5 23. Qxd5 Nf6 24. Qa5 Rfc8 25. Rb3 e5 26. Bf5 Rc7 27. Rfb1 exd4
28. exd4 Re7 29. Rb6 Qc7 30. Qa3 Ne8 31. Be4 Ra7 32. Rb8 Bxd4 33. Qa4 Bxf2+ 34.
Kxf2 Qc5+ 35. Kf1 Kf8 36. Qa1 Re5 37. Qc3 f5 38. Bf3 g4 39. Bd5 Rae7 40. Qd3
Kg7 41. Nb3 Qe3 42. Qxe3 Rxe3 43. Nd4 Kf6 44. Nc6 Rc7 45. Kf2 1-0

[Event "Kandidatklassen"]
[Site "Skorping"]
[Date "2017.04.13"]
[Round "3"]
[White "Akdag, Dara Sevkan"]
[Black "Heimisson, Hilmir Freyr"]
[Result "1-0"]
[WhiteElo "2235"]
[BlackElo "2152"]
[PlyCount "187"]
[EventDate "2017.04.11"]

1. d4 f5 2. c4 Nf6 3. Nc3 g6 4. h4 h6 5. Nh3 d6 6. Nf4 Rg8 7. d5 e5 8. dxe6 c6
9. Qd3 Na6 10. Nxg6 Nc5 11. Qxf5 Bxe6 12. Qc2 Bg7 13. Bf4 Qa5 14. Bd2 Qc7 15.
e3 O-O-O 16. Nf4 Bf7 17. Be2 Kb8 18. O-O-O Rge8 19. f3 Bg8 20. g4 Bh7 21. e4
Nfd7 22. Nh5 Be5 23. Bxh6 Nb6 24. Bg5 Rd7 25. Nf6 Bxf6 26. Bxf6 d5 27. Bd4 dxe4
28. Bxc5 exf3 29. Bd3 Qf4+ 30. Kb1 Rxd3 31. Rxd3 Qxc4 32. Rhd1 Qxc5 33. Rd8+
Rxd8 34. Rxd8+ Kc7 35. Qxh7+ Kxd8 36. Qd3+ Nd5 37. Qxf3 Nxc3+ 38. bxc3 Qg1+ 39.
Kc2 Qh2+ 40. Kb3 Qxh4 41. Qf8+ Kc7 42. Qg7+ Kb6 43. Qd4+ Kc7 44. Qe5+ Kb6 45.
g5 Qh5 46. Qd4+ Kc7 47. Qf4+ Kb6 48. Qe3+ Kc7 49. Qe7+ Kb6 50. Qd8+ Ka6 51.
Qd3+ b5 52. g6 Qg5 53. Qd6 Qg2 54. Qe6 Kb6 55. Qf7 Qg1 56. Kc2 Qe3 57. Kd1 Qd3+
58. Ke1 Qxc3+ 59. Kf1 Qd3+ 60. Kg2 Qe4+ 61. Kg3 Qe5+ 62. Kg4 Qe4+ 63. Kg5 Qe5+
64. Kh6 Qh8+ 65. Kg5 Qe5+ 66. Qf5 Qc3 67. Kh6 Qh8+ 68. Kg5 Qc3 69. Qd7 Qe5+ 70.
Kh6 Qh8+ 71. Kg5 Qe5+ 72. Qf5 Qc3 73. Qf2+ Ka6 74. Qf6 Qd2+ 75. Kf5 Qc2+ 76.
Ke5 Qb2+ 77. Ke6 Qxa2+ 78. Ke7 Qa3+ 79. Kf7 Qb3+ 80. Qe6 Qf3+ 81. Kg8 b4 82. g7
b3 83. Qc4+ Ka5 84. Qc5+ Ka6 85. Kh7 b2 86. Qc4+ Kb7 87. Qb4+ Kc7 88. g8=Q Qh1+
89. Kg7 Qg1+ 90. Kf8 b1=Q 91. Qf7+ Kc8 92. Qe8+ Kc7 93. Qeb8+ Kd7 94. Q4d6# 1-0

[Event "Kandidatklassen"]
[Site "Skorping"]
[Date "2017.04.13"]
[Round "3"]
[White "Vangsgaard, Freja"]
[Black "Rossen, Claus"]
[Result "1/2-1/2"]
[WhiteElo "2060"]
[BlackElo "2190"]
[PlyCount "120"]
[EventDate "2017.04.11"]

1. d4 Nf6 2. c4 g6 3. Nc3 d5 4. Nf3 Bg7 5. Qb3 dxc4 6. Qxc4 O-O 7. e4 Nc6 8.
Be3 Bg4 9. h3 Bxf3 10. gxf3 Nd7 11. O-O-O Nb6 12. Qc5 Qd6 13. h4 Rad8 14. Qxd6
cxd6 15. h5 d5 16. Bb5 dxe4 17. Bxc6 bxc6 18. fxe4 Nc4 19. hxg6 fxg6 20. Rh3
Nxe3 21. fxe3 Rf2 22. e5 Rb8 23. b3 a5 24. Rd2 Rxd2 25. Kxd2 h6 26. Rf3 g5 27.
Na4 Kh7 28. Rf7 Re8 29. Nc5 Kg6 30. Rf1 h5 31. Ne6 Bh6 32. Ke2 g4 33. e4 Rb8
34. d5 cxd5 35. exd5 h4 36. d6 exd6 37. Rf6+ Kh7 38. exd6 h3 39. Kf2 Rb7 40.
Nc5 Rg7 41. Kg3 Bg5 42. Ne4 Be3 43. Re6 Bd4 44. Re7 Kg6 45. Kxg4 h2 46. Ng3 Be5
47. Rxg7+ Kxg7 48. d7 Bc7 49. d8=Q Bxd8 50. Kh3 Bc7 51. Kxh2 Kf6 52. Kg2 Bxg3
53. Kxg3 Ke5 54. Kf3 Kd4 55. Ke2 Kc3 56. Ke3 Kb2 57. Kd2 Kxa2 58. Kc3 Ka3 59.
Kc2 a4 60. bxa4 Kxa4 1/2-1/2

[Event "Kandidatklassen"]
[Site "Skorping"]
[Date "2017.04.13"]
[Round "3"]
[White "Kristensen, Bjarke Hautop"]
[Black "Jepsen, Thomas Stausholm"]
[Result "0-1"]
[WhiteElo "2055"]
[BlackElo "2162"]
[PlyCount "86"]
[EventDate "2017.04.11"]

1. c4 Nf6 2. g3 c5 3. Bg2 g6 4. Nc3 Bg7 5. e4 d6 6. Nge2 O-O 7. O-O Na6 8. h3
Rb8 9. d4 Bd7 10. a4 cxd4 11. Nxd4 Qc8 12. Qe2 Bxh3 13. Nf5 Bxf5 14. exf5 Qxf5
15. Qxe7 Rfd8 16. Ne4 Nxe4 17. Bxe4 Qe5 18. Qxe5 Bxe5 19. Rd1 Nc5 20. Bc2 Ne6
21. Be3 Rbc8 22. f4 Bg7 23. Bd3 b6 24. Rab1 d5 25. b3 d4 26. Bf2 Nc5 27. Rd2 f5
28. b4 Nxd3 29. Rxd3 Rxc4 30. Be1 Re8 31. Kf1 Kf7 32. Bd2 Re4 33. Ra1 a6 34.
Ra2 Ke6 35. Rb3 Kd5 36. Kf2 Rc8 37. Rba3 Rce8 38. Kf3 Re2 39. b5 a5 40. Bc1
Rxa2 41. Rxa2 d3 42. Rh2 h5 43. Rd2 Kc4 0-1

[Event "Kandidatklassen"]
[Site "Skorping"]
[Date "2017.04.13"]
[Round "3"]
[White "Davidsen, Niels Chr"]
[Black "Thybo, Thomas Sondergaard"]
[Result "1/2-1/2"]
[WhiteElo "1952"]
[BlackElo "2039"]
[PlyCount "124"]
[EventDate "2017.04.11"]

1. e4 c6 2. c4 d5 3. cxd5 cxd5 4. exd5 Nf6 5. Bb5+ Nbd7 6. Nc3 a6 7. Bc4 b5 8.
Bb3 Nb6 9. d4 Bb7 10. Nf3 Nbxd5 11. O-O e6 12. a3 Be7 13. Re1 Rc8 14. Qd3 O-O
15. Bd2 Nb6 16. Ne5 Nfd5 17. Bc2 f5 18. Nf3 Qd6 19. Qe2 Rf6 20. Bb3 Nc4 21. Bc1
Rg6 22. Bd1 Bd8 23. Nxd5 Bxd5 24. b3 Na5 25. Qe3 Bb6 26. Bb2 Nc6 27. Rc1 Rd8
28. Nh4 Rh6 29. g3 Be4 30. Bf3 Bxf3 31. Nxf3 Nxd4 32. Nxd4 Bxd4 33. Bxd4 Qxd4
34. Qxd4 Rxd4 35. Rc6 Rd3 36. Rxa6 Rxb3 37. a4 bxa4 38. Rxa4 Rb7 39. Ra6 Kf7
40. Re2 g5 41. Rea2 Rf6 42. Ra7 Rxa7 43. Rxa7+ Kg6 44. h3 h5 45. Re7 h4 46. g4
fxg4 47. hxg4 Rf4 48. Rxe6+ Kf7 49. Re3 Rxg4+ 50. Kh2 Rf4 51. f3 Kf6 52. Kg2
Kf5 53. Re8 Rb4 54. Rf8+ Ke5 55. Rg8 Rb2+ 56. Kh3 Kf4 57. Rf8+ Ke3 58. Rf5 Rb1
59. Rxg5 Kxf3 60. Rg2 Rh1+ 61. Rh2 Rg1 62. Ra2 Rh1+ 1/2-1/2

[Event "Kandidatklassen"]
[Site "Skorping"]
[Date "2017.04.14"]
[Round "4"]
[White "Christensen, Tobias Bent"]
[Black "Rewitz, Poul"]
[Result "1/2-1/2"]
[WhiteElo "2361"]
[BlackElo "2283"]
[PlyCount "154"]
[EventDate "2017.04.11"]

1. e4 g6 2. d4 Bg7 3. Nc3 d5 4. Nxd5 c6 5. Nf4 Bxd4 6. Be2 Nf6 7. Nf3 Bb6 8.
Qxd8+ Bxd8 9. e5 Ne4 10. O-O Bb6 11. a4 a5 12. Nd2 Nxd2 13. Bxd2 Bf5 14. Bd3
Bxd3 15. Nxd3 Nd7 16. Bc3 O-O 17. Rad1 Rfd8 18. b3 Bc7 19. f4 Nf8 20. g3 Ne6
21. Kg2 Rd5 22. Nb2 Rad8 23. Rxd5 Rxd5 24. Rf2 Rc5 25. Nd1 Kf8 26. Bb2 b5 27.
Ne3 Bb6 28. c4 h5 29. Re2 h4 30. Ba3 b4 31. Bb2 f6 32. exf6 h3+ 33. Kxh3 Rh5+
34. Kg2 exf6 35. Ng4 Nc5 36. Nxf6 Rf5 37. Nh7+ Kg8 38. Re8+ Kf7 39. Rf8+ Ke7
40. Bf6+ Kd7 41. Rf7+ Kc8 42. Rf8+ Kb7 43. Rf7+ Ka6 44. Rg7 Nxb3 45. Rxg6 Rc5
46. h4 Rxc4 47. f5 Rc2+ 48. Kh3 Rf2 49. Bg5 Nd4 50. Be3 Rxf5 51. Bxd4 Bxd4 52.
Rxc6+ Kb7 53. Rd6 Bc3 54. Rd3 Kc6 55. Ng5 Kc5 56. Ne4+ Kc4 57. Rd8 Be5 58. Nd6+
Bxd6 59. Rxd6 Rd5 60. Rc6+ Kb3 61. g4 Kxa4 62. g5 b3 63. Rc1 b2 64. Rb1 Kb3 65.
g6 a4 66. g7 Rd3+ 67. Kh2 Rd8 68. h5 a3 69. h6 a2 70. h7 Rd2+ 71. Kg3 Rd3+ 72.
Kf2 axb1=Q 73. g8=Q+ Ka3 74. Qa8+ Kb4 75. Qb7+ Ka5 76. Qa7+ Kb5 77. Qb7+ Ka5
1/2-1/2

[Event "Kandidatklassen"]
[Site "Skorping"]
[Date "2017.04.14"]
[Round "4"]
[White "Aabling Thomsen, Jakob"]
[Black "Hoyer, Jacob K"]
[Result "1-0"]
[WhiteElo "2384"]
[BlackElo "2213"]
[PlyCount "97"]
[EventDate "2017.04.11"]

1. d4 Nf6 2. c4 g6 3. f3 d5 4. cxd5 Nxd5 5. e4 Nb6 6. Be3 Bg7 7. Nc3 O-O 8. Qd2
Nc6 9. O-O-O e5 10. d5 Nd4 11. f4 c5 12. fxe5 Bg4 13. Re1 Bxe5 14. Bg5 Qc7 15.
h3 Bd7 16. Nf3 Bh8 17. Bf4 Qd8 18. e5 Rc8 19. Bg5 f6 20. Bh6 fxe5 21. Bxf8 Qxf8
22. Ng5 c4 23. Be2 Bf5 24. Bg4 Qc5 25. Ne6 Qa5 26. Bxf5 Nxf5 27. Rhf1 Na4 28.
Rxf5 Nxc3 29. bxc3 Qa3+ 30. Kb1 gxf5 31. d6 Qa5 32. d7 Qb6+ 33. Kc1 Qxe6 34.
dxc8=Q+ Qxc8 35. Qd5+ Kf8 36. g4 Bf6 37. Rd1 fxg4 38. Rf1 Kg7 39. hxg4 Qxg4 40.
Qxb7+ Kg6 41. Qxa7 e4 42. Qa6 Qg5+ 43. Kb1 Qe5 44. Qxc4 e3 45. Qg8+ Bg7 46.
Qf7+ Kg5 47. Rg1+ Kh6 48. Rh1+ Kg5 49. Rh5+ 1-0

[Event "Kandidatklassen"]
[Site "Skorping"]
[Date "2017.04.14"]
[Round "4"]
[White "Ramsdal, Jens Albert"]
[Black "Rostgaard, Tobias Valentin"]
[Result "1/2-1/2"]
[WhiteElo "2204"]
[BlackElo "2359"]
[PlyCount "125"]
[EventDate "2017.04.11"]

1. e4 e5 2. Nc3 Nf6 3. Nf3 Nc6 4. d4 exd4 5. Nxd4 Bb4 6. Nxc6 bxc6 7. Bd3 d5 8.
exd5 cxd5 9. O-O O-O 10. h3 h6 11. Bf4 Be6 12. Nb5 Ba5 13. Nd4 Bd7 14. Qf3 c5
15. Nb3 c4 16. Nxa5 cxd3 17. Nb3 dxc2 18. Qd3 Rc8 19. Rfc1 Rc4 20. Be5 Re8 21.
Bc3 Ne4 22. Qxd5 Rxc3 23. bxc3 Nxc3 24. Qc5 Ne2+ 25. Kh1 Nxc1 26. Rxc1 Qa8 27.
Qxc2 Bxh3 28. Qc6 Qxc6 29. Rxc6 Be6 30. Nd4 Bd5 31. Ra6 Re4 32. Nf5 Re2 33.
Rxa7 Bxa2 34. Kg1 Rd2 35. Ne3 Be6 36. Rc7 h5 37. Rc2 Rd4 38. Kh2 g6 39. Rb2 Kg7
40. Kg3 g5 41. Rb5 Kg6 42. Rb6 h4+ 43. Kh2 g4 44. Rb2 Re4 45. Re2 f5 46. g3 h3
47. Rd2 Re5 48. Rd6 Kf7 49. Rb6 Ra5 50. Rb7+ Kf6 51. Rb2 Ra1 52. Re2 Rb1 53. f3
gxf3 54. Rf2 Ke5 55. Nf1 Kf6 56. Kxh3 Bd5 57. Kh2 Ra1 58. Nd2 Ra3 59. Nf1 Kg5
60. Rd2 Be4 61. Kg1 Kg4 62. Kf2 Rb3 63. Rd8 1/2-1/2

[Event "Kandidatklassen"]
[Site "Skorping"]
[Date "2017.04.14"]
[Round "4"]
[White "Laursen, Niels Norskov"]
[Black "Christensen, Janus"]
[Result "1-0"]
[WhiteElo "2316"]
[BlackElo "2212"]
[PlyCount "87"]
[EventDate "2017.04.11"]

1. e4 e5 2. Nf3 Nc6 3. d4 exd4 4. Nxd4 Nf6 5. Nxc6 bxc6 6. e5 Qe7 7. Qe2 Nd5 8.
c4 Ba6 9. b3 Qh4 10. a3 Bc5 11. g3 Bxf2+ 12. Qxf2 Qe4+ 13. Kd1 Qxh1 14. Nd2
Nc3+ 15. Kc2 Ne4 16. Nxe4 Qxe4+ 17. Bd3 Qg4 18. Bf5 Qh5 19. h4 f6 20. exf6 O-O
21. g4 Qe8 22. fxg7 Qe4+ 23. Kb2 Rf7 24. Be3 Qe7 25. Bc5 Qf6+ 26. Bd4 Qd6 27.
Re1 Rb8 28. Qe3 Re7 29. Qd3 Qxd4+ 30. Qxd4 Rxe1 31. Qxa7 Re2+ 32. Kc3 Rb6 33.
Qxc7 Rb7 34. Qa5 Ra7 35. Qd8+ Kxg7 36. Qb8 Rb7 37. Qa8 Rb6 38. Qa7 Re3+ 39. Bd3
Rxb3+ 40. Kxb3 Rxd3+ 41. Kb4 c5+ 42. Kxc5 Rxa3 43. Qxd7+ Kg6 44. Qe7 1-0

[Event "Kandidatklassen"]
[Site "Skorping"]
[Date "2017.04.14"]
[Round "4"]
[White "Thogersen, Rasmus"]
[Black "Akdag, Dara Sevkan"]
[Result "1/2-1/2"]
[WhiteElo "2208"]
[BlackElo "2235"]
[PlyCount "95"]
[EventDate "2017.04.11"]

1. e4 c5 2. Nf3 d6 3. Bb5+ Nd7 4. O-O Ngf6 5. Re1 a6 6. Bd3 b5 7. c4 g5 8. Nxg5
Ne5 9. Bf1 bxc4 10. f4 Nd3 11. Bxd3 cxd3 12. Qb3 d5 13. Qxd3 h6 14. e5 c4 15.
Qd4 hxg5 16. exf6 e6 17. Nc3 Bb7 18. Kh1 Qc7 19. d3 Bc5 20. Qe5 Bd6 21. Qxg5
O-O-O 22. Qg3 Rdg8 23. Qf3 Bb4 24. d4 Qd8 25. Be3 Qxf6 26. Rec1 Qh4 27. Bg1 Rg3
28. Qf1 Bd6 29. Ne2 Rg4 30. Rc3 Qf6 31. Qf3 Rhg8 32. g3 Qf5 33. b3 f6 34. h3
R4g7 35. g4 Qh7 36. Bh2 e5 37. Rac1 exd4 38. Nxd4 Bc5 39. Rd1 Re7 40. f5 Re4
41. Qxe4 dxe4 42. Rxc4 e3+ 43. Kg1 Qe7 44. Rdc1 Qe4 45. Rxc5+ Kd7 46. Rc7+ Ke8
47. Rc8+ Bxc8 48. Rxc8+ 1/2-1/2

[Event "Kandidatklassen"]
[Site "Skorping"]
[Date "2017.04.14"]
[Round "4"]
[White "Boe Olsen, Filip"]
[Black "Brondt, Nicolai Kvist"]
[Result "0-1"]
[WhiteElo "2197"]
[BlackElo "2169"]
[PlyCount "158"]
[EventDate "2017.04.11"]

1. d4 Nf6 2. c4 e6 3. Nc3 Bb4 4. e3 O-O 5. Nge2 c6 6. a3 Ba5 7. Ng3 d5 8. Bd3
Nbd7 9. cxd5 cxd5 10. O-O e5 11. Nce2 Bc7 12. Bd2 e4 13. Bc2 Ng4 14. Rc1 Nb6
15. h3 Nf6 16. Ba5 Be6 17. b3 Qd7 18. Nf4 Rac8 19. f3 Bd6 20. fxe4 dxe4 21.
Nxe4 Nxe4 22. Bxe4 Bxa3 23. Rxc8 Rxc8 24. Qd3 g6 25. Bxb6 axb6 26. d5 Bf5 27.
Nh5 Bxe4 28. Nf6+ Kg7 29. Qd4 Bc5 30. Qxe4 Qe7 31. Qxe7 Bxe7 32. Nd7 Rd8 33.
Nxb6 Bc5 34. Nc4 Rxd5 35. Kf2 b5 36. Na5 Rf5+ 37. Ke2 Rxf1 38. Kxf1 Bxe3 39.
Ke2 Bc5 40. Nc6 Kf6 41. Kf3 Ke6 42. Ke4 f5+ 43. Kd3 Kd5 44. Nb8 Be7 45. Kc3 Kd6
46. Kd4 Bf6+ 47. Kd3 Bh4 48. Na6 Be1 49. Ke2 Ba5 50. Kd3 h5 51. Kd4 Bb6+ 52.
Kd3 Bc5 53. Kc3 g5 54. Kd3 g4 55. hxg4 hxg4 56. Nb8 f4 57. Ke2 Bd4 58. Na6 Bc5
59. Nb8 Kc7 60. Na6+ Kb6 61. Nb8 Bd6 62. Nd7+ Ka5 63. Nf6 Kb4 64. Nxg4 Kxb3 65.
Nf2 b4 66. Ne4 Be5 67. Kd1 Ka2 68. Nd2 b3 69. Nc4 b2 70. Nxb2 Kxb2 71. Kd2 Bb8
72. Kd3 Kb3 73. Kd2 Kc4 74. Ke2 Kd4 75. Kf3 Bc7 76. Kf2 Ke4 77. Ke2 Bb6 78. Kf1
Kf5 79. Ke2 Kg4 0-1

[Event "Kandidatklassen"]
[Site "Skorping"]
[Date "2017.04.14"]
[Round "4"]
[White "Bjerre, Jonas Buhl"]
[Black "Jepsen, Thomas Stausholm"]
[Result "1-0"]
[WhiteElo "2342"]
[BlackElo "2162"]
[PlyCount "75"]
[EventDate "2017.04.11"]

1. e4 d6 2. d4 Nf6 3. Nc3 c6 4. f4 Qa5 5. e5 Ne4 6. Qf3 d5 7. Bd3 Bf5 8. g4
Nxc3 9. gxf5 Nb5+ 10. Bd2 Qb6 11. c3 Nc7 12. O-O-O Nd7 13. Qh5 O-O-O 14. Qxf7
c5 15. Nf3 c4 16. Bc2 Qa6 17. Bb1 Nb6 18. Be1 Na4 19. Rd2 Kb8 20. Ng5 Rc8 21.
Ne6 Nxe6 22. Qxe6 Qxe6 23. fxe6 g6 24. Bh4 Bh6 25. Rf2 Rhe8 26. Bg5 Bf8 27. f5
gxf5 28. Bxf5 h6 29. Bh4 b5 30. Bg6 Red8 31. Rf7 a5 32. Rhf1 b4 33. cxb4 axb4
34. Bxe7 Bxe7 35. Rxe7 b3 36. Kb1 bxa2+ 37. Kxa2 Rc6 38. Re8 1-0

[Event "Kandidatklassen"]
[Site "Skorping"]
[Date "2017.04.14"]
[Round "4"]
[White "Kragh, Niels Kristian"]
[Black "Jensen, Jacob Bjerre"]
[Result "0-1"]
[WhiteElo "2124"]
[BlackElo "2122"]
[PlyCount "100"]
[EventDate "2017.04.11"]

1. e4 c5 2. Nf3 Nc6 3. d4 cxd4 4. Nxd4 g6 5. Nc3 Bg7 6. Be3 Nf6 7. Bc4 O-O 8.
Bb3 a5 9. a4 Ng4 10. Qxg4 Nxd4 11. Qd1 Nxb3 12. cxb3 d6 13. Bd4 Bxd4 14. Qxd4
Be6 15. Nd5 Bxd5 16. exd5 Rc8 17. O-O Qc7 18. Rfe1 Rfe8 19. b4 Qc4 20. Qxc4
Rxc4 21. bxa5 Rb4 22. g3 Kf8 23. Red1 Ra8 24. b3 Rxb3 25. Rd4 Rxa5 26. Rc1 b5
27. axb5 Rbxb5 28. Rcd1 Kg7 29. R1d2 f5 30. R4d3 Kf6 31. h4 h6 32. Kg2 g5 33.
hxg5+ hxg5 34. f3 Rc5 35. Kh2 Rcb5 36. Kg2 Rc5 37. Kh2 f4 38. Kg2 Rc1 39. gxf4
gxf4 40. Re2 Raa1 41. Re6+ Kf5 42. Rd2 Rg1+ 43. Kh2 Rh1+ 44. Kg2 Rag1+ 45. Kf2
Rf1+ 46. Kg2 Rhg1+ 47. Kh2 Rg7 48. Rd3 Ra1 49. Re2 Rh7+ 50. Kg2 Rah1 0-1

[Event "Kandidatklassen"]
[Site "Skorping"]
[Date "2017.04.14"]
[Round "4"]
[White "Rossen, Claus"]
[Black "Lauridsen, Jesper Morch"]
[Result "1/2-1/2"]
[WhiteElo "2190"]
[BlackElo "2289"]
[PlyCount "122"]
[EventDate "2017.04.11"]

1. e4 c5 2. Nf3 Nc6 3. d4 cxd4 4. Nxd4 Nf6 5. Nc3 d6 6. Bc4 e6 7. O-O Be7 8.
Be3 O-O 9. f3 d5 10. Bb5 Qb6 11. Qd2 Nxd4 12. Qxd4 Qxd4 13. Bxd4 dxe4 14. fxe4
Rd8 15. Bxf6 Bxf6 16. Rad1 Bd4+ 17. Kh1 a6 18. Be2 b5 19. Nd5 exd5 20. Rxd4 Bb7
21. exd5 Rxd5 22. Rfd1 Rxd4 23. Rxd4 Re8 24. Kg1 f6 25. Bd3 Re7 26. Rd8+ Kf7
27. Bxh7 g6 28. Bg8+ Kg7 29. Bd5 Bxd5 30. Rxd5 Re2 31. Rc5 f5 32. Rc6 Kh6 33.
b4 Kh5 34. a3 Rd2 35. h3 Kg5 36. Rxa6 Rxc2 37. Rb6 Ra2 38. Rxb5 Rxa3 39. Rc5
Rb3 40. Rc4 f4 41. Kh2 Rb2 42. Kg1 Kf5 43. Rc5+ Ke4 44. Rg5 Rxb4 45. Rxg6 Kf5
46. Rg8 Re4 47. h4 Re7 48. Kh2 Re2 49. Rg5+ Ke4 50. Kh3 Re3+ 51. Kh2 f3 52.
gxf3+ Rxf3 53. Rg7 Rb3 54. Rf7 Ke5 55. h5 Ke6 56. Ra7 Kf6 57. h6 Kg6 58. h7 Rb8
59. Rb7 Rxb7 60. h8=Q Rh7+ 61. Qxh7+ Kxh7 1/2-1/2

[Event "Kandidatklassen"]
[Site "Skorping"]
[Date "2017.04.14"]
[Round "4"]
[White "Kolbak, Jens"]
[Black "Petersen, Steen Brustrup"]
[Result "1-0"]
[WhiteElo "2216"]
[BlackElo "2131"]
[PlyCount "105"]
[EventDate "2017.04.11"]

1. e4 e5 2. Nf3 Nc6 3. Bb5 a6 4. Bxc6 dxc6 5. O-O Bg4 6. h3 h5 7. d3 Qf6 8.
Nbd2 g5 9. Nc4 Bxf3 10. Qxf3 Qxf3 11. gxf3 f6 12. h4 gxh4 13. f4 Bd6 14. fxe5
fxe5 15. f4 Nf6 16. fxe5 Bc5+ 17. Be3 Bxe3+ 18. Nxe3 Ng4 19. Nf5 Rg8 20. Kh1
Nxe5 21. Nxh4 Rg4 22. Nf3 Nxf3 23. Rxf3 Ke7 24. Rg1 Rh4+ 25. Kg2 c5 26. Kf1 Rh2
27. Rg2 Rh1+ 28. Ke2 h4 29. Rf1 Rxf1 30. Kxf1 Rf8+ 31. Kg1 Kd6 32. Rg4 Ke5 33.
Rxh4 c4 34. Kg2 cxd3 35. cxd3 Rf6 36. Rh7 Rc6 37. Kf3 Rc2 38. Ke3 Rxb2 39. Rxc7
Kd6 40. Rf7 Ke6 41. Rh7 a5 42. a4 Rb1 43. d4 Re1+ 44. Kd3 Ra1 45. Rxb7 Rxa4 46.
Rb6+ Kd7 47. e5 Ra1 48. Kc4 a4 49. Ra6 Kc7 50. d5 a3 51. e6 a2 52. d6+ Kb7 53.
Rxa2 1-0

[Event "Kandidatklassen"]
[Site "Skorping"]
[Date "2017.04.14"]
[Round "4"]
[White "Thuesen, Mogens Henrik"]
[Black "Vangsgaard, Freja"]
[Result "1/2-1/2"]
[WhiteElo "2192"]
[BlackElo "2060"]
[PlyCount "129"]
[EventDate "2017.04.11"]

1. d4 Nf6 2. c4 e6 3. g3 d5 4. Nf3 Be7 5. Bg2 O-O 6. O-O dxc4 7. Na3 Bxa3 8.
bxa3 Bd7 9. Ne5 Bc6 10. Nxc6 Nxc6 11. Bb2 Qd7 12. Rc1 Nd5 13. Rxc4 Rab8 14. e4
Nb6 15. Rc5 Ne7 16. Rg5 Ng6 17. h4 f6 18. Ra5 Nc4 19. Qa4 Qxa4 20. Rxa4 Nxb2
21. Rb4 Rfd8 22. Rxb2 Rxd4 23. Rc1 Rd7 24. Rc6 Ne5 25. Rxe6 Nd3 26. Rb1 Rbd8
27. Rb5 c6 28. Ra5 b6 29. Rf5 Rc7 30. e5 Nxe5 31. f4 Nd3 32. Rxc6 Rxc6 33. Bxc6
Nc5 34. Rd5 Rxd5 35. Bxd5+ Kf8 36. Kf2 Ke7 37. Ke3 Kd6 38. Bg8 h6 39. Kf3 Ne6
40. Kg4 Nd4 41. Bc4 Nc2 42. Kh5 Nxa3 43. Bd3 Ke7 44. Kg6 Kf8 45. Kf5 Kf7 46.
Ke4 Ke6 47. Kd4 Kd6 48. g4 b5 49. Ke4 a5 50. Kf5 Ke7 51. g5 hxg5 52. fxg5 fxg5
53. Kxg5 b4 54. Kg6 Kf8 55. h5 a4 56. h6 gxh6 57. Kxh6 Nb5 58. Bxb5 b3 59. a3
b2 60. Bd3 Ke7 61. Kg5 Kd6 62. Kf4 Kd5 63. Ke3 b1=Q 64. Bxb1 Kc4 65. Bc2
1/2-1/2

[Event "Kandidatklassen"]
[Site "Skorping"]
[Date "2017.04.14"]
[Round "4"]
[White "Heimisson, Hilmir Freyr"]
[Black "Davidsen, Niels Chr"]
[Result "1-0"]
[WhiteElo "2152"]
[BlackElo "1952"]
[PlyCount "125"]
[EventDate "2017.04.11"]

1. d4 f5 2. c4 Nf6 3. g3 g6 4. Bg2 Bg7 5. Nf3 d6 6. O-O O-O 7. Nc3 c6 8. Qc2 d5
9. b3 e6 10. Ba3 Re8 11. Rad1 Nbd7 12. Kh1 Ne4 13. Ne1 Nxc3 14. Qxc3 Nf6 15. f3
Bf8 16. Bxf8 Rxf8 17. Nd3 Bd7 18. Ne5 Rc8 19. Qb4 Qc7 20. Qa3 a6 21. g4 Rce8
22. g5 Nh5 23. f4 Bc8 24. Rd3 Qe7 25. Qc1 Rd8 26. c5 Bd7 27. Rh3 Be8 28. Bf3
Kh8 29. Rg1 Rg8 30. e3 Rg7 31. Qd1 Kg8 32. Kg2 Rc8 33. Kf2 Rc7 34. Bxh5 gxh5
35. Rxh5 Bxh5 36. Qxh5 Kf8 37. g6 Qf6 38. Rg3 Rce7 39. Ke2 Rc7 40. Kd3 Rce7 41.
h4 Rc7 42. Kc3 Rce7 43. a4 Rc7 44. Rg1 Rce7 45. Rg2 Rc7 46. Kb4 Rce7 47. Rg3
Rc7 48. Rg5 Rce7 49. gxh7 Rxh7 50. Qg6 Qh8 51. Rg2 Qg7 52. Ka5 Rxh4 53. Qxg7+
Rxg7 54. Ng6+ Rxg6 55. Rxg6 Kf7 56. Rg3 Rh7 57. Kb6 Kf8 58. b4 Re7 59. Rg2 Kf7
60. b5 axb5 61. axb5 cxb5 62. Kxb5 Rd7 63. Kb6 1-0